00691nam a2200217 a 450000100060000000300080000600500170001400800410003102000150007203500510008704000320013804100080017008200210017810000250019924500600022426000440028430000210032850400510034960000610040065000120046121340BD-RjUL20211209000656.0140304s1975 enk b 001 1 eng d a0333189426 a(BD-RjUL)21404aOCLC ocm02881889 from D960201M aPLFcEQObengdEQOdBD-RjUL aeng04a823.09bKRT 19751 aKramer, Dale,d1936-10aThomas Hardy :bthe forms of tragedy /cby Dale Kramer. aLondon ;aNew York :bMacmillan,c1975. a190 p. ;c24 cm. aIncludes bibliographical references and index.10aHardy, Thomas,d1840-1928xCriticism and interpretation. 0aTragedy